000 00480nam a22001577a 4500
005 20251108164335.0
008 250721s1996 xx 000 0 ara d
082 1 4 _a395/عاي
100 1 _aالرواجبة، عايدة أحمد
245 1 0 _aتعلم إتيكيت الحديث و كيف تتعامل مع الناس /
264 1 _aبيروت :
_bدار ابن زيدون،
_c1996.
300 _a115ص
650 1 7 _aآداب السلوك
942 _2ddc
_cBK
999 _c9747
_d9747